000 01481nam a2200385Ia 4500
001 dia_3243
003 CHAP
005 20240502131602.0
007 ta
008 220117s2016 mx bdo fr 001 0 spa d
040 _cCHAP
_amxchpua
090 _aT.C.698
_bM45 IAI
_c2016
245 1 0 _aGanado bovino de doble propósito en la región de los Ríos /
_ccoordinador Amilcar Renán Mejenes Quijano ; colaboradores Fabiola Aguilar Aguilar...[et al.]
260 _aMéxico :
_bEl autor,
_c2016
300 _a46 hojas :
_bmapas, gráficas, diagramas, tablas, fotos +
_e1 CD-ROM
336 _2rdacontent
_atexto
_btxt
337 _2rdamedia
_ano mediado
_bn
338 _2rdacarrier
_avolumen
_bnc
500 _aGrado 5° Grupo 3 -- El CD contiene reporte
502 _aViaje de estudios
_b(IAI) --
_cUACh. Departamento de Ingeniería Agroindustrial,
_d2016
504 _aBibliografía: hoja 35
650 1 3 _aGanado bovino
_9138033
650 1 3 _aIndustria del ganado y de la carne
_9147937
650 1 3 _aCattle
650 1 3 _aLivestock and meat industry
_9147938
700 1 _aAguilar Aguilar, Fabiola
_9137125
_ecolaboradora
700 1 _aMejenes Quijano, Amilcar Renán
_9147387
_ecoordinador
856 4 1 _uhttp://10.13.5.2/ve/TC698IAI/TC698IAI2016-REPORTE.pdf
_yDESCARGAR REPORTE
901 _aT.C.698 M45 IAI 2016
902 _aM
905 _a5232272016 mx bnml8223123322spa16
942 _2local
942 _cVE
999 _c170882
_d170882